000 00555nam a2200169Ia 4500
005 20250326125408.0
008 250326s9999 xx 000 0 und d
037 _aTextbook
040 _aFMSL
_beng
_cFMSL
041 _aeng
_2eng
084 _aX9B:89A.1 L4
_qFMSL
245 0 _aTransfer of technology for small industries
260 _aUnited Kingdom
_bUnited Kingdom, Development Centre Of The Organisation For Economic Co-Operation And Development
_c1974
300 _a249p
942 _cTB
_hX9B:89A.1 L4
999 _c1277870
_d1277870